000 00520cam a2200145 4500500
005 20260111093433.0
041 _afre
042 _adc
100 1 0 _aBittinger, Nathalie
_eauthor
245 0 0 _a L’art d’un homme libre, Gao Xingjian, Traduction et préface de Noël Dutrait, Paris, Seuil, 2017, 25 €
260 _c2018.
500 _a45
786 0 _nEsprit | Mars | 3 | 2018-03-05 | p. 173l-174l | 0014-0759
856 4 1 _uhttps://shs.cairn.info/revue-esprit-2018-3-page-173l?lang=fr&redirect-ssocas=7080
999 _c1626352
_d1626352